[Event "Trichy Pro Chess op 1st"]
[Site "Trichy"]
[Date "2017.11.16"]
[Round "2"]
[White "Sivashankar, M."]
[Black "Kunal, M."]
[Result "0-1"]
[WhiteElo "1519"]
[BlackElo "2354"]
[PlyCount "86"]
[EventDate "2017.11.16"]
[EventType "swiss"]
[EventRounds "8"]
[EventCountry "IND"]
[SourceTitle "EXT 2019"]
[Source "ChessBase"]
[SourceDate "2018.10.10"]
[SourceVersion "1"]
[SourceVersionDate "2018.10.10"]
[SourceQuality "1"]

1. e4 c6 2. d4 d5 3. Nc3 dxe4 4. Nxe4 Nf6 5. Nxf6+ exf6 6. Nf3 Bd6 7. Be3 0-0 8. Be2 Re8 9. 0-0 Nd7 10. c4 Nf8 11. Re1 Ng6 12. Bd3 Be6 13. Qc2 Bg4 14. Nd2 Bc7 15. Nf1 Ba5 16. Bd2 Rxe1 17. Rxe1 Bxd2 18. Qxd2 Qxd4 19. Bxg6 Qxd2 20. Bxh7+ Kxh7 21. Nxd2 Rd8 22. Nb3 Be6 23. Rc1 Bxc4 24. Na5 Ba6 25. Nb3 b6 26. f3 c5 27. Rc2 Rd1+ 28. Kf2 f5 29. Kg3 g5 30. Rd2 f4+ 31. Kh3 Rg1 32. g3 Bc8+ 33. g4 Ba6 34. Rf2 Bd3 35. Nd2 Kg6 36. Rg2 Rf1 37. Nxf1 Bxf1 38. b3 b5 39. a4 bxa4 40. bxa4 c4 41. a5 c3 42. a6 Bxg2+ 43. Kxg2 c2 0-1